Capitales d'Europe - Aléatoire - Statistiques

Statistiques générales
  • Ce quiz a été pris 44 fois
  • Le résultat moyen est 35 sur 45
Réponses sur la Carte
Les réponses sont colorées sur une échelle allant du rouge au vert en fonction du pourcentage des utilisateurs qui les ont devinées à leur premier essai. Vous pouvez retrouver ces pourcentages ci-dessous.
 
Statistiques - réponses
Pays Capitale % Correct
Portugal Lisbonne
97%
Grèce Athènes
94%
Allemagne Berlin
94%
Belgique Bruxelles
94%
Ukraine Kiev
94%
Royaume-Uni Londres
94%
France Paris
94%
Cité du Vatican Vatican
94%
Pays-Bas Amsterdam
90%
Andorre Andorre-la-Vieille
90%
Luxembourg Luxembourg
90%
Espagne Madrid
90%
Monaco Monaco
90%
Russie Moscou
90%
Norvège Oslo
90%
Italie Rome
90%
Autriche Vienne
90%
Irlande Dublin
87%
Suisse Berne
84%
Hongrie Budapest
84%
Danemark Copenhague
84%
Pologne Varsovie
84%
Roumanie Bucarest
81%
Finlande Helsinki
81%
Croatie Zagreb
81%
République tchèque Prague
77%
Islande Reykjavik
77%
Saint-Marin Saint-Marin
77%
Suède Stockholm
77%
Malte La Valette
74%
Bulgarie Sofia
74%
Biélorussie Minsk
68%
Lituanie Vilnius
68%
Bosnie-Herzégovine Sarajevo
65%
Serbie Belgrade
61%
Slovaquie Bratislava
61%
Lettonie Riga
61%
Estonie Tallinn
61%
Albanie Tirana
61%
Liechtenstein Vaduz
58%
Moldavie Chișinău
52%
Macédoine du Nord Skopje
52%
Slovénie Ljubljana
48%
Monténégro Podgorica
48%
Kosovo Pristina
45%
Aucun quiz correspondant
Distribution des résultats
% des personnes avec chaque résultat
Percentile par nombre de réponses
Votre historique - résultats
Vous n’avez pas pris ce quiz